Statistics for West Wing characters

Click here to take the quiz!

General Stats

  • This quiz has been taken 38 times
  • The average score is 11 of 20

Answer Stats

HintAnswer% Correct
Two-term Democratic presidentJosiah Bartlet
100%
Who was President Bartlet's first Chief of Staff?Leo McGarry
94%
Who was President Bartlet's second and final Chief of Staff?CJ Cregg
92%
Who was President Bartlet's first Vice President?John Hoynes
86%
Who is the journalist who is romantically linked to CJ Cregg and uncovers the plot to kill a Qumari politician?Danny Concannon
81%
Who was Josh Lyman working for when he was first recruited to the Bartlet campaign?John Hoynes
78%
Who was his second Vice President?Bob Russell
61%
Who is the first judge Bartlet appoints to the Supreme Court?Roberto Mendoza
61%
Who is the Republican presidential nominee who faces Matt Santos in Series 7?Arnold Vinick
58%
What is the first name of Mrs Landingham?Dolores
58%
What is Zoey Bartlet's Secret Service code name in Series 1?Book Bag
47%
Who is that man married to?Elizabeth Bartlet
47%
What is the name of Matt Santos's wife?Helen Santos
47%
Which politician was acting president in Series 4?Glen Allen Walken
39%
What is the name of the Head of the Secret Service at the time of the Rosslyn shooting?Ron Butterfield
39%
What is the name of Zoey Bartlet's boyfriend when she is abducted in Series 4?Jean Paul
33%
What is the name of the president's philandering son-in-law, who runs unsuccessfully for the House of Representatives in Series 7?Doug Westin
22%
Who is the new Chief Justice Bartlet appoints to the Supreme Court?Evelyn Baker Lang
22%
Who is the conservative judge Bartlet appoints to the Supreme Court?Christopher Mulready
17%
Which senator does Toby Ziegler help during the Presidential campaign during Series 6, leading to a fist fight with Josh Lyman?Ricky Rafferty
11%

Score Distribution

Percentile by Number Answered

Percent of People with Each Score

Your Score History

You have not taken this quiz